000 00614nam a22002177a 4500
999 _c4414
_d4414
003 OSt
005 20200121103715.0
008 160620b xxu||||| |||| 00| 0 eng d
020 _a9780702040511
040 _cDNLM
082 _aWL102.7 C23n 2010
100 _aCarr, Janet; Shepherd, Roberta
_99486
245 _aNeurological Rehabilitation: optimizing motor performance
250 _a2nd ed.
260 _aEdinburgh; Churchill, 2010
300 _axiii,362p; col.ill: 25cm
504 _aReferences, & index included
650 _aNeurology
_99473
650 _aRehabilitation
_910549
942 _2z
_cO_SHELF